50 Prénoms les plus donnés en 2023 - Statistiques

Statistiques générales
  • Ce quiz a été pris 475 fois
  • Le résultat moyen est 14 sur 50
Statistiques - réponses
Prénoms % Correct
Lou
82%
Louis
67%
Léo
63%
Emma
60%
Louise
53%
Jade
46%
Lucas
46%
Gabriel
45%
Anna
42%
Jules
42%
Hugo
39%
Lola
39%
Tom
39%
Eva
35%
Juliette
35%
Clara
34%
Maël
34%
Noé
33%
Lina
32%
Noah
32%
Raphaël / Raphaëlle
31%
Léna
30%
Mohamed
30%
Julia
29%
Rose
27%
Alice
26%
Ambre
26%
Arthur
25%
Léon
24%
Alba
23%
Timéo
21%
Mia
20%
Sacha
20%
Charlie
18%
Gabin
18%
Liam
18%
Adam
16%
Lila
16%
Iris
14%
Margaux
14%
Alma
13%
Agathe
12%
Romy
12%
Célia
10%
Eden
10%
Naël
9%
Victoria
9%
Isaac
7%
Giulia
4%
Inaya
4%
Aucun quiz correspondant
Distribution des résultats
% des personnes avec chaque résultat
Percentile par nombre de réponses
Votre historique - résultats
Vous n’avez pas pris ce quiz